| 000 | 00719nam a22002177a 4500 | ||
|---|---|---|---|
| 005 | 20150320105105.0 | ||
| 010 | _aENG-112236 | ||
| 020 |
_a9788185604633 _c300.00 |
||
| 035 | _aEN-95768 | ||
| 037 | _bDBAD/PUB | ||
| 082 | _a305.51220954 | ||
| 100 | _aValmiki, Omprakash | ||
| 245 |
_aJoothan : _cby Omprakash Valmiki ; translated from the Hindi by Arun Prabha Mukherjee _ba Dalit's life / |
||
| 260 |
_aKolkatta _bSamya _c2014(repr.) |
||
| 270 |
_a16 Southern Avenue, _bKolkatta _e700026 |
||
| 300 |
_axlii,139p. _c22cm(pbk) |
||
| 600 |
_aVālmīki, Omaprakāśa, _d1950- |
||
| 650 |
_aDalits _zIndia _x History. |
||
| 700 | _aMukherjee, Arun Prabha. | ||
| 942 |
_2ddc _cEN _mVAL _h305.51220954 |
||
| 999 |
_c91857 _d91857 |
||